000 00294nam a22001337a 4500
008 170322b xxu||||| |||| 00| 0 eng d
020 _a02106
041 _aeng
080 _22ND
_a616.12-008-073
100 _a7
101 _aSHM
245 _aBEDSIDE CARDIOLOGY
_cCONSTANT, J
942 _2udc
_cBK
999 _c8310
_d8310